=LDR 00000nam 2200000 4500 =001 INLIS000000000015409 =990 ##$$a 00040653 =005 20250312081557 =990 ##$$a 00040654 =035 ##$$a 0010-061300000015409 =008 250312################d##########0#ind## =041 ##$$a Indo =082 ##$$a 028.5 =090 ##$$a 028.5, Sar =100 ##$$a Sarjana Y.H =245 1#$$a Buah Ketekunan, (kumpulan cerita anak-anak) Kelas iv-vi =260 ##$$a Semarang :$b Pt. Wangsa Jatra Lestari,$c 1994 =300 ##$$a 80 hlm, i ; $c 21 x 14 cm. =650 #4$$a Bacaan Kanak-Kanak-Indonesia =850 ##$$a NBPNMAT =084 ##$$a 028.5 SAR b =700 #$$a Sarjana, Y.H. =990 ##$$a 00040653 =990 ##$$a 00040654